[Event "SVK-ch"]
[Site "Nove Zamky"]
[Date "1999.07.09"]
[Round "7"]
[White "Gross, Stefan"]
[Black "Banas, Jan"]
[Result "1/2-1/2"]
[WhiteElo "2371"]
[BlackElo "2400"]

1.Nf3 Nf6 2.c4 c5 3.g3 b6 4.Bg2 Bb7 5.O-O g6 6.b3 Bg7 7.Bb2 O-O 8.Nc3 Na6
9.e3 e6 10.d4 d5 11.cxd5 Nxd5 12.Nxd5 Qxd5 13.Nh4 Qd7 14.Bxb7 Qxb7 15.Qf3  1/2-1/2

[Event "Dutch Open"]
[Site "Dieren"]
[Date "1999.07.21"]
[Round "2"]
[White "Van Beek, Lucien"]
[Black "Gustafsson, Jan"]
[Result "1/2-1/2"]
[WhiteElo "2326"]
[BlackElo "2436"]

1.Nf3 Nf6 2.c4 c5 3.g3 b6 4.Bg2 Bb7 5.O-O g6 6.b3 Bg7 7.Bb2 O-O 8.Nc3 Na6
9.d4 d5 10.e3 e6 11.Qe2 dxc4 12.bxc4 Qe7 13.a4 Nb4 14.a5 Bc6 15.Ne5 Bxg2
16.Kxg2 Qb7+ 17.Qf3 Qxf3+ 18.Kxf3 Rad8 19.Nb5 Nd7 20.Nxd7 Rxd7 21.axb6 axb6
22.Rab1 Rfd8 23.dxc5 Bxb2 24.Rxb2 bxc5 25.Ke2 Ra8 26.Nc3 f5 27.Rd2 Rxd2+
28.Kxd2 Nc6 29.Kc2 Ne5 30.Kb3 Kf7 31.Rd1 Ke7 32.Na4 Nxc4 33.Nxc5 Nd6 34.Nd3 Rb8+
35.Kc2 Rc8+ 36.Kb3 Ne4 37.f3 Rb8+ 38.Kc2 Rc8+ 39.Kb3 Rb8+ 40.Kc2 Rc8+ 41.Kb3 Rb8+
42.Kc2 Rc8+ 43.Kb3 Rb8+ 44.Kc2  1/2-1/2

[Event "Dutch Open"]
[Site "Dieren"]
[Date "1999.07.22"]
[Round "3"]
[White "Hoeksema, Hendrik Pieter"]
[Black "Janssen, Ruud"]
[Result "1/2-1/2"]
[WhiteElo "2404"]
[BlackElo "2448"]

1.Nf3 Nf6 2.c4 b6 3.g3 c5 4.Bg2 Bb7 5.O-O g6 6.Nc3 Bg7 7.Re1 d5 8.d4 Nbd7
9.cxd5 Nxd5 10.Nxd5 Bxd5 11.e4 Bb7 12.d5 O-O 13.Qc2 Ne5 14.Bf4 Nxf3+ 15.Bxf3 Bd4
16.Be3 Bxe3 17.Rxe3 Qd7 18.Rd1 e5 19.d6 Rfd8 20.Red3 Qe6 21.d7 Qxa2 22.Rd6 c4
23.Qc3 Qb3 24.Qxb3 cxb3 25.R1d3 Kf8 26.Rxb3 Ke7 27.Rbd3 Rab8 28.Rd1 Ba6 29.R6d5 f6
30.b3 h5 31.h4 Bb7 32.Rd6 Ba6 33.R6d5 Bb7 34.Rd6 Ba6 35.R6d5  1/2-1/2

[Event "Montecatini Terme op 8th"]
[Site "Montecatini Terme"]
[Date "1999.08.01"]
[Round "2"]
[White "Patelli, Alessandro"]
[Black "Efimov, Igor"]
[Result "0-1"]
[WhiteElo "2225"]
[BlackElo "2445"]

1.Nf3 c5 2.c4 b6 3.g3 Bb7 4.Bg2 Nf6 5.O-O g6 6.b3 Bg7 7.Bb2 O-O 8.d4 cxd4
9.Nxd4 Bxg2 10.Kxg2 Na6 11.Nc3 Rc8 12.e4 Nc5 13.f3 a6 14.Nc2 Ne8 15.Rb1 f5
16.exf5 gxf5 17.Nd5 Bxb2 18.Rxb2 e6 19.Nf4 Qf6 20.Rb1 b5 21.Rf2 Rf7 22.cxb5 axb5
23.Qe2 Nc7 24.Nd3 Nd5 25.Nxc5 Nc3 26.Qd3 Rxc5 27.Re1 Rd5 28.Qf1 f4 29.Nb4 Rg5
30.g4 d5 31.Nd3 d4 32.h4 Rd5 33.Re4 Nxe4 34.fxe4 Rdd7 35.g5 Qg6 36.Rxf4 Rxf4
37.Qxf4 Rf7 38.Qg4 Ra7 39.a4 bxa4 40.bxa4 Rxa4 41.Ne5 Ra2+ 42.Kh3 Ra3+ 43.Kg2 Qe8
44.g6 Ra2+ 45.Kh3 Ra5 46.Qg3 h5 47.Nc4 Rc5 48.Nd6 Qf8  0-1

[Event "MK Cafe Cup-A"]
[Site "Koszalin"]
[Date "1999.08.06"]
[Round "4"]
[White "Gritsak, Orest"]
[Black "Epishin, Vladimir"]
[Result "1/2-1/2"]
[WhiteElo "2550"]
[BlackElo "2657"]

1.Nf3 Nf6 2.c4 b6 3.g3 Bb7 4.Bg2 c5 5.O-O g6 6.Nc3 Bg7 7.d4 cxd4 8.Nxd4 Bxg2
9.Kxg2 Qc7 10.b3 O-O 11.e4 Nxe4 12.Nxe4 Qe5 13.Qf3 Qxd4 14.Ba3 Nc6 15.Rad1 Qe5
16.Rxd7 Rad8 17.Rfd1 Rxd7 18.Rxd7 Rc8 19.Qd3 h6 20.Qd5 Rc7 21.Qxe5 Bxe5 22.Rxc7 Bxc7
23.f4 f5 24.Nc3 Kf7 25.c5 Ke6 26.Kf3 g5 27.Nb5 Bd8 28.cxb6 Bxb6 29.h3 a6
30.Nc3 Ba7 31.Bc1 Bd4 32.Ne2 Bf6 33.g4 Nb4 34.fxg5 hxg5 35.a3 Nd3 36.gxf5+ Kxf5
37.Ng3+ Ke5 38.Bd2 Kd5 39.Ne4  1/2-1/2

[Event "Montecatini Terme op 8th"]
[Site "Montecatini Terme"]
[Date "1999.08.07"]
[Round "8"]
[White "Fabiano, Giuseppe"]
[Black "Estremera Panos, Sergio"]
[Result "1-0"]
[WhiteElo "2293"]
[BlackElo "2387"]

1.Nf3 Nf6 2.c4 b6 3.g3 c5 4.Bg2 Bb7 5.O-O g6 6.b3 Bg7 7.Bb2 O-O 8.Nc3 e6
9.d4 Na6 10.Rc1 d5 11.cxd5 exd5 12.Na4 Ne4 13.Ba3 Rc8 14.Qd3 Re8 15.Bh3 f5
16.Rfd1 Qf6 17.e3 Qe6 18.Bf1 Kh8 19.Ne5 Bxe5 20.dxe5 Kg8 21.Bb2 Nb4 22.Qb1 c4
23.Bd4 b5 24.bxc4 dxc4 25.Qxb4 Ng5 26.f4 Qd5 27.fxg5 Qh1+ 28.Kf2 Qxh2+ 29.Ke1 Qxg3+
30.Kd2 c3+ 31.Rxc3 Bf3 32.Bxb5 Qf2+ 33.Kc1 Rxc3+ 34.Bxc3 Bxd1 35.Bc4+  1-0

[Event "Petermaennchen GM"]
[Site "Schwerin"]
[Date "1999.08.11"]
[Round "4"]
[White "Petrosian, Arshak B"]
[Black "Zagrebelny, Sergey"]
[Result "0-1"]
[WhiteElo "2514"]
[BlackElo "2521"]

1.Nf3 Nf6 2.c4 b6 3.g3 Bb7 4.Bg2 c5 5.O-O g6 6.Nc3 Bg7 7.d4 cxd4 8.Qxd4 d6
9.Be3 Nbd7 10.Rac1 Nc5 11.Rfd1 O-O 12.Qh4 h5 13.b4 Ncd7 14.Bg5 Rc8 15.Nd5 Nxd5
16.cxd5 Rxc1 17.Bxc1 Nf6 18.Ne1 Qd7 19.a3 Qa4 20.Rd2 Qb3 21.Bb2 Bxd5 22.Bxd5 Nxd5
23.Bxg7 Kxg7 24.Nf3 Nf6 25.Rd3 Qb2 26.Re3 Nd5 27.Re4 e5 28.Kg2 f5 29.Ng5 Rf6
30.Rc4 Qd2 31.Kg1 Qd1+ 32.Kg2 f4 33.gxf4 Nxf4+ 34.Rxf4 exf4 35.Nf3 Qd5 36.Qh3 Qf5
37.Qh4 Kh6  0-1

[Event "Presov"]
[Site "Presov"]
[Date "1999.08.15"]
[Round "2"]
[White "Stocek, Jiri"]
[Black "Ftacnik, Lubomir"]
[Result "1/2-1/2"]
[WhiteElo "2532"]
[BlackElo "2589"]

1.Nf3 c5 2.c4 Nf6 3.g3 b6 4.Bg2 Bb7 5.O-O g6 6.Nc3 Bg7 7.d4 cxd4 8.Qxd4 d6
9.Rd1 Nbd7 10.b3 Rc8 11.Be3 O-O 12.Qh4 a6 13.Rac1 Re8 14.Bh6 Rc5 15.Bxg7 Kxg7
16.Qd4 b5 17.e4 bxc4 18.bxc4 Qc7 19.Nd5 Bxd5 20.exd5 Rc8 21.Nd2 Ra5 22.Re1 Nc5
23.Rc2 Rb8 24.Nf1 Ra3 25.Rd2 Rb7 26.g4 Kg8 27.Ng3 Qa5 28.Rde2 Qd8 29.g5 Ne8
30.h4 Rd3  1/2-1/2

[Event "CRO-chT"]
[Site "Pula"]
[Date "1999.09.12"]
[Round "4"]
[White "Delchev, Aleksander"]
[Black "Stohl, Igor"]
[Result "1/2-1/2"]
[WhiteElo "2521"]
[BlackElo "2600"]

1.Nf3 Nf6 2.c4 b6 3.g3 Bb7 4.Bg2 c5 5.O-O g6 6.Nc3 Bg7 7.d4 cxd4 8.Qxd4 d6
9.Be3 Nbd7 10.Rac1 O-O 11.Qd2 Ne4 12.Nxe4 Bxe4 13.Bh3 Ne5 14.Nd4 a6 15.b3 Qc7
16.f3 Bb7 17.Nc2 Rab8 18.Nb4 e6 19.f4 Nd7 20.Rfd1 Rfd8  1/2-1/2

[Event "Arco op"]
[Site "Arco"]
[Date "1999.10.25"]
[Round "3"]
[White "Drasko, Milan"]
[Black "Efimov, Igor"]
[Result "1/2-1/2"]
[WhiteElo "2509"]
[BlackElo "2445"]

1.Nf3 c5 2.c4 Nf6 3.g3 b6 4.Bg2 Bb7 5.O-O g6 6.d4 cxd4 7.Qxd4 Bg7 8.Nc3 Na6
9.Be3 Nc5 10.Rac1 Ne6 11.Qh4 h6 12.Nd4 Bxg2 13.Nxe6 dxe6 14.Kxg2 Qc7 15.Qf4  1/2-1/2

[Event "Bundesliga 9900"]
[Site "Germany"]
[Date "1999.11.07"]
[Round "4"]
[White "Schmitz, Joachim"]
[Black "Appel, Ralf"]
[Result "1/2-1/2"]
[WhiteElo "2320"]
[BlackElo "2475"]

1.Nf3 Nf6 2.g3 b6 3.Bg2 Bb7 4.O-O g6 5.c4 c5 6.b3 Bg7 7.Bb2 O-O 8.Nc3 d6
9.Rc1 Nbd7 10.d4 cxd4 11.Nxd4 Bxg2 12.Kxg2 Qc8 13.e4 Qb7 14.Qe2 Rfe8 15.f3 a6
16.Rfd1 Nc5 17.b4 Ncd7 18.Nb3 a5 19.b5  1/2-1/2

[Event "ch-ESP (team) Div 2"]
[Site "Cala Galdana ESP"]
[Date "1999.11.10"]
[Round "3"]
[White "Martinez Rodriguez,P"]
[Black "Estremera Panos,S"]
[Result "0-1"]
[WhiteElo "2249"]
[BlackElo "2387"]

1.c4 Nf6 2.Nf3 b6 3.g3 Bb7 4.Bg2 c5 5.O-O g6 6.Nc3 Bg7 7.d4 cxd4 8.Qxd4 d6
9.Qh4 h6 10.Rd1 Nbd7 11.Nd5 Rc8 12.Nd2 Ba6 13.Nb4 g5 14.Qd4 Nh5 15.Qe3 Bxc4
16.Nxc4 Rxc4 17.Nc6 Rxc6 18.Bxc6 O-O 19.a4 Ne5 20.Bf3 Nf6 21.Qb3 Nfd7 22.a5 bxa5
23.Qb5 Nxf3+ 24.exf3 Ne5 25.Kg2 Qa8 26.Qd5 Qxd5 27.Rxd5 Nc4 28.Rb5 Rc8 29.Rb7 e6
30.Rxa7 Rb8 31.Ra2 Rb3 32.f4 gxf4 33.gxf4 Rd3 34.f5 Rb3 35.fxe6 fxe6 36.Ra8+ Kf7
37.Rd8 Kg6 38.Rd7 h5 39.Ra1 Bf6 40.Ra7 Kf5 41.Ra6 d5 42.Kf1 h4 43.Ke2 Be5
44.Bd2 Bxh2 45.Bxa5 Be5 46.Bc3 Bxc3 47.bxc3 Rxc3 48.Ra8 Ne5 49.Rh8 Ng6 50.Rh5+ Kg4
51.Rh7 d4 52.Kd2  0-1

[Event "Eu Team Ch"]
[Site "Batumi GEO"]
[Date "1999.11.30"]
[Round "2"]
[White "Brestian,E"]
[Black "Ftacnik,L"]
[Result "0-1"]
[WhiteElo "2429"]
[BlackElo "2589"]

1.c4 Nf6 2.Nf3 b6 3.g3 Bb7 4.Bg2 c5 5.O-O g6 6.b3 Bg7 7.Bb2 O-O 8.Nc3 Na6
9.Rc1 e6 10.d4 d5 11.cxd5 exd5 12.e3 Qe7 13.dxc5 Nxc5 14.Nd4 Rfd8 15.b4 Ncd7
16.Qb3 Ne5 17.Rfd1 Rac8 18.Nde2 d4 19.exd4 Nf3+ 20.Bxf3 Bxf3 21.Rd3 Ba8 22.d5 Nxd5
23.Nxd5 Rxc1+ 24.Bxc1 Qxe2 25.Bd2 Qe4 26.f3 Bd4+ 27.Be3 Bxe3+ 28.Kg2 Bxd5  0-1

[Event "Belgian Interteams 1999-2000"]
[Site "Antwerp BEL"]
[Date "1999.11.??"]
[Round "5"]
[White "Foisor,O"]
[Black "Chuchelov,V"]
[Result "0-1"]
[WhiteElo "2472"]
[BlackElo "2533"]

1.c4 Nf6 2.Nf3 c5 3.g3 b6 4.Bg2 Bb7 5.O-O g6 6.Nc3 Bg7 7.d4 cxd4 8.Qxd4 d6
9.Be3 Nbd7 10.Rac1 Rc8 11.b3 O-O 12.Qd2 Re8 13.Rfd1 a6 14.Bh3 Rb8 15.Nd4 Nc5
16.f3 e6 17.Bh6 Bxh6 18.Qxh6 Qe7 19.Rd2 Rbc8 20.e4 Rc7 21.Qe3 Rec8 22.Rdc2 Ncd7
23.Bf1 h5 24.b4 Ne5 25.Na4 Nfd7 26.Rc3 Qf6 27.Be2 Kg7 28.Nb3 b5 29.cxb5 Rxc3
30.Rxc3 axb5 31.Rxc8 Bxc8 32.Nc3 Ba6 33.Nd2 Nc6 34.a4 Nxb4 35.axb5 Bb7 36.Nc4 e5
37.Qd2 d5 38.exd5 Nb6 39.Ne4 Nxc4 40.Bxc4 Qxf3 41.Ng5 Qg4 42.Be2 Qf5 43.d6 Nd5
44.Bc4 Qc8 45.Bf1 Nf6 46.Qf2 Qc1 47.h4 Qd1 48.Qa7 Qd5 49.Kf2 Qd2+ 50.Kg1 Ng4  0-1

[Event "ch-ROM"]
[Site "Lasi ROM"]
[Date "1999.12.25"]
[Round "13"]
[White "Istrate,B"]
[Black "Ionescu,Co"]
[Result "0-1"]
[WhiteElo "2277"]
[BlackElo "2434"]

1.Nf3 c5 2.c4 Nf6 3.g3 b6 4.Bg2 Bb7 5.O-O g6 6.Nc3 Bg7 7.d4 cxd4 8.Qxd4 d6
9.Rd1 Nbd7 10.Be3 O-O 11.Qh4 Rc8 12.Rac1 a6 13.b3 h5 14.h3 Re8 15.g4 b5 16.cxb5 Qa5
17.Bd2 axb5 18.gxh5 Nxh5 19.Nd5 Rxc1 20.Rxc1 Qxa2 21.Nxe7+ Rxe7 22.Qxe7 Bxf3
23.Qxd7 Bxg2 24.Rc8+ Kh7 25.Qxf7 Qxd2 26.Kxg2 Qxe2 27.Re8 Qd3 28.Qf3 Qd2
29.Re3 d5 30.Qg4 d4 31.Rf3 Qc2 32.Qe6 d3 33.Qe4 Qxb3 34.Kh2 Qd1 35.Qd5 Qe2
36.Rf7 Kh6 37.Qf3 Qxf3 38.Rxf3 d2 39.Rd3 Bc3  0-1

[Event "BCF-chTB 98/99"]
[Site "GBR"]
[Date "1999.??.??"]
[Round "9"]
[White "Dunnington, Angus J"]
[Black "Pigott, John C"]
[Result "1/2-1/2"]
[WhiteElo "2353"]
[BlackElo "2372"]

1.Nf3 Nf6 2.g3 b6 3.Bg2 Bb7 4.O-O c5 5.c4 g6 6.Nc3 Bg7 7.d4 cxd4 8.Qxd4 d6
9.Rd1 Nbd7 10.Qh4 Rc8 11.Bd2 O-O 12.b3 Rc5 13.g4 Qa8 14.Rac1 Re8 15.Be3 Rcc8
16.h3 a6 17.g5 Ne4 18.Nd5 Nec5 19.Bd4 Bxd4 20.Qxd4 Ne6 21.Qe3 b5 22.h4 bxc4
23.bxc4 Rc5 24.Nd4 Nxd4 25.Rxd4 Qd8 26.Rb1 Ba8 27.Qa3 Ra5 28.Qb2 Ne5 29.e4 Rc5
30.Qb3 Bxd5 31.cxd5 Rb5 32.Rb4 Rxb4 33.Qxb4 Nd3 34.Qa3 Nc5 35.Qb4 Qd7 36.Qa3 Rc8
37.Bh3 e6 38.dxe6 fxe6 39.Qe3 Qf7 40.Rd1 Rc6 41.Rb1 e5 42.Rb8+ Kg7 43.a3 Qc7
44.Qf3 Qxb8 45.Qf6+ Kg8 46.Be6+ Nxe6 47.Qxe6+ Kh8 48.Qf6+ Kg8  1/2-1/2

[Event "HUN-chT9899"]
[Site "HUN"]
[Date "1999.??.??"]
[Round "?"]
[White "Csom, Istvan"]
[Black "Kiss, Attila"]
[Result "1/2-1/2"]
[WhiteElo "2475"]
[BlackElo "2340"]

1.c4 Nf6 2.Nf3 b6 3.g3 Bb7 4.Bg2 c5 5.O-O g6 6.b3 Bg7 7.Bb2 O-O 8.Nc3 Na6
9.Rc1 d5 10.Nxd5 Nxd5 11.Bxg7 Kxg7 12.cxd5 Qxd5 13.d4 Rad8 14.dxc5 Nxc5 15.Qc2 a5
16.Rfd1 Qf5 17.Qxf5 gxf5 18.Nd4 Bxg2 19.Kxg2 Kf6 20.Nb5 e6 21.Nd6 Ne4 22.Rc6 Ke7
23.Rc7+ Kf6 24.Rc6 Ke7 25.Rc7+ Kf6  1/2-1/2

[Event "Sportland-NRW-Cup"]
[Site "Senden"]
[Date "1999.??.??"]
[Round "7"]
[White "Konietzka, Lutz"]
[Black "Moehring, Guenther"]
[Result "0-1"]
[WhiteElo "2135"]
[BlackElo "2295"]

1.Nf3 Nf6 2.g3 c5 3.c4 b6 4.Bg2 Bb7 5.O-O g6 6.Nc3 Bg7 7.d4 cxd4 8.Qxd4 d6
9.b3 Nbd7 10.Bb2 O-O 11.Ne1 Bxg2 12.Nxg2 Nc5 13.Nd5 Ne6 14.Nxf6+ Bxf6 15.Qd2 Bxb2
16.Qxb2 Qd7 17.Qd2 Rac8 18.Ne3 Rc5 19.Nd5 Nc7 20.Rac1 Nxd5 21.cxd5 Rfc8 22.Rxc5 Rxc5
23.Rc1 Qc7 24.Rxc5 Qxc5 25.h4 h5 26.e4 Kg7 27.Kg2 f6 28.Kf3 a5 29.Qe3 Qa3
30.Qxb6 Qxa2 31.Qb7 Kf7 32.Qb5 Qd2 33.Qc4 Qe1 34.Qc8 Qd1+ 35.Kg2 Qxb3 36.Qe6+ Kf8
37.Qc8+ Kg7 38.Qe8 Qb7 39.Qa4 Qb4 40.Qc2 a4 41.f3 a3 42.Qc7 Kf7 43.Qd7 a2
44.Qe6+ Kf8 45.Qc8+ Kg7 46.Qd7 Qb2+ 47.Kh3 Qe5  0-1

[Event "Vantaa op"]
[Site "Vantaa"]
[Date "1999.??.??"]
[Round "5"]
[White "Salo, Tapio"]
[Black "Kanko, Ilkka"]
[Result "1-0"]
[WhiteElo "2330"]
[BlackElo "2198"]

1.Nf3 Nf6 2.c4 b6 3.g3 Bb7 4.Bg2 c5 5.O-O g6 6.Nc3 Bg7 7.d4 cxd4 8.Qxd4 O-O
9.Qh4 d6 10.Bh6 Nbd7 11.Rfd1 Rc8 12.b3 a6 13.Rac1 Rc5 14.Bxg7 Kxg7 15.Qd4 b5
16.Nd2 Bxg2 17.Kxg2 Qa8+ 18.f3 Re5 19.e4 Kg8 20.Nd5 Nxd5 21.cxd5 Rc8 22.f4 Rh5
23.Nf3 Nf6 24.h3 e5 25.dxe6 Rxc1 26.Rxc1 Nxe4 27.exf7+ Kxf7 28.Rc7+ Ke6 29.Qg7 Rf5
30.Re7+  1-0

[Event "JUG-chT"]
[Site "Vrnjacka Banja"]
[Date "1999.??.??"]
[Round "1"]
[White "Nikcevic, Nebojsa"]
[Black "Ostojic, Nikola"]
[Result "1/2-1/2"]
[WhiteElo "2466"]
[BlackElo "2419"]

1.Nf3 Nf6 2.c4 b6 3.g3 c5 4.Bg2 Bb7 5.O-O g6 6.Nc3 Bg7 7.d4 cxd4 8.Qxd4 d6
9.Rd1 Nbd7 10.b3 O-O 11.Bb2 Ne4 12.Qe3 Nxc3 13.Bxc3 Bxc3 14.Qxc3 Nf6 15.Nd4 Bxg2
16.Kxg2 Rc8 17.Qf3 Rc5  1/2-1/2

[Event "ch-Asia"]
[Site "Udaipur IND"]
[Date "2000.01.16"]
[Round "6"]
[White "Rahman,Zia"]
[Black "Kaiumov,D"]
[Result "1/2-1/2"]
[WhiteElo "2465"]
[BlackElo "2475"]

1.c4 Nf6 2.Nf3 b6 3.g3 c5 4.Bg2 Bb7 5.O-O g6 6.d3 Bg7 7.e4 O-O 8.Nc3 d6 9.Nh4 Nc6
10.f4 e6 11.Kh1 Nd4 12.Be3 Nd7 13.Nf3 f5 14.Bxd4 cxd4 15.Nb5 fxe4 16.Nfxd4 Qe7
17.dxe4 Nc5 18.Nc3 Rad8 19.Nde2 a6 20.b4 Nd7 21.Qd3 Nf6 22.Rac1 Rfe8 23.Qe3 Rb8
24.h3 Ba8 25.b5 axb5 26.Nxb5 Rec8 27.Rfd1 Ne8 28.Rd3 Rc5 29.Rcd1 Bf8 30.Ra3 e5
31.Ra7 Qe6 32.f5 gxf5 33.exf5 Bxg2+ 34.Kxg2 Qxf5 35.Rf1 Qg6 36.Qf3 Bh6 37.Rf7 Kh8
38.Nec3 Rxc4 39.Nd5 Qe4 40.Qxe4 Rxe4 41.R1f6 Bg7 42.Re6 Re2+ 43.Kf3 Rxa2
44.Rfe7 Ra5 45.Nbc3 Rc5 46.Ke4 b5 47.Na2 Rc4+ 48.Kf5 Kg8 49.Nab4 e4 50.Kg5 e3  1/2-1/2

[Event "Belgian Interteams 1999-2000"]
[Site "Antwerp BEL"]
[Date "2000.01.23"]
[Round "8"]
[White "Foisor,O"]
[Black "Sadkowsky,D"]
[Result "1/2-1/2"]
[WhiteElo "2424"]
[BlackElo "2287"]

1.Nf3 c5 2.c4 Nf6 3.g3 b6 4.Bg2 Bb7 5.O-O g6 6.Nc3 Bg7 7.d4 cxd4 8.Qxd4 d6
9.Be3 Nbd7 10.Rac1 O-O 11.Qd2 Rc8 12.b3 a6 13.Rfd1 Rc7 14.Ne1 Qa8 15.Bh3 Qb8
16.Nd3 Ba8 17.Nb4 Ra7 18.Ncd5 Nc5 19.Nxf6+ Bxf6 20.Nd5 Bxd5 21.Qxd5 Rc7 22.Rc2 a5
23.Rb1 Rd8 24.Bg2 e6 25.Qd1 Be5 26.Rd2 Rcd7 27.Bg5 Rc8 28.Be3 b5 29.cxb5 Qxb5
30.f4 Bg7 31.Bf2 d5 32.Rc1 Rdc7 33.Rdc2 Na6 34.Rxc7 Rxc7 35.Rxc7 Nxc7 36.e4 h6
37.exd5 Nxd5 38.Bxd5 exd5 39.Bd4 Qc6 40.Bxg7 Kxg7 41.Qd4+ Kg8 42.Kg2 Qc2+
43.Kf3 Qxa2 44.Qxd5 Qxh2 45.Qxa5 Qh1+ 46.Kf2 Qh2+ 47.Kf3 Qh1+  1/2-1/2

[Event "Bundesliga 1999-2000"]
[Site "Passau GER"]
[Date "2000.01.29"]
[Round "8"]
[White "Stangl,M"]
[Black "Hansen,SuB"]
[Result "1-0"]
[WhiteElo "2488"]
[BlackElo "2551"]

1.c4 Nf6 2.Nf3 b6 3.g3 Bb7 4.Bg2 c5 5.O-O g6 6.b3 Bg7 7.Bb2 O-O 8.Nc3 Na6
9.d4 e6 10.d5 exd5 11.Nxd5 Bxd5 12.cxd5 d6 13.e4 Re8 14.Re1 b5 15.e5 Nd7
16.Qe2 Nxe5 17.Nxe5 Bxe5 18.Bxe5 Rxe5 19.Qxb5 Qe8 20.Qf1 Nb4 21.Rec1 Rb8
22.Qc4 Rb6 23.a3 Na6 24.Rab1 Re7 25.h4 h5 26.Qc3 Nc7 27.b4 Qb8 28.Re1 cxb4
29.axb4 Rxe1+ 30.Rxe1 Qd8 31.Ra1 a6 32.Rc1 Ne8 33.Qd4 Qb8 34.Rc4 Rb7 35.Bh3 Rc7
36.Rc6 Qb5 37.Bf1 Qa4 38.Rxa6 Qd7 39.Ra8 Rc8 40.Rxc8 Qxc8 41.b5 Nc7 42.Qa7  1-0

[Event "Goodricke Open"]
[Site "Calcutta IND"]
[Date "2000.02.12"]
[Round "7"]
[White "Vakhidov,T"]
[Black "Roeder,M"]
[Result "1/2-1/2"]
[WhiteElo "2505"]
[BlackElo "2413"]

1.Nf3 Nf6 2.c4 b6 3.g3 c5 4.Bg2 Bb7 5.O-O g6 6.d4 cxd4 7.Qxd4 Bg7 8.Nc3 Nc6
9.Qf4 Na5 10.Bd2 Rc8 11.b3 d5 12.Rad1 O-O 13.Nxd5 Nxd5 14.cxd5 Qxd5 15.Bb4 Qe4
16.Qxe4 Bxe4 17.Bxe7 Rfe8 18.Bg5 h6 19.Be3 Rc2 20.Rd2 Rxd2 21.Nxd2 Bxg2 22.Kxg2 Rc8
23.b4 Nc4 24.Nxc4 Rxc4 25.a3 Rc3 26.Bc1 a5 27.bxa5 bxa5 28.Rd1 Bf8 29.a4 Rc4
30.Be3 Bg7 31.Rd8+ Kh7 32.Rd7 Kg8 33.Rd8+ Kh7 34.Rd5 Rxa4 35.Bd2 Ra2 36.Bxa5  1/2-1/2

[Event "Blitz Chess Marathon"]
[Site "Dordrecht NED"]
[Date "2000.02.12"]
[Round "17.1"]
[White "Van Wely,L"]
[Black "Epishin,V"]
[Result "1-0"]
[WhiteElo "2646"]
[BlackElo "2667"]

1.Nf3 Nf6 2.c4 b6 3.g3 Bb7 4.Bg2 c5 5.O-O g6 6.Nc3 Bg7 7.Re1 d5 8.cxd5 Nxd5
9.Qa4+ Bc6 10.Qh4 O-O 11.d3 Nf6 12.Bh6 Nbd7 13.Rad1 Qc7 14.d4 Bxf3 15.Bxf3 Rad8
16.Bf4 e5 17.dxe5 Nxe5 18.Bg2 Qe7 19.Bg5 h6 20.Bxh6 Bxh6 21.Qxh6 Rd4 22.Rxd4 cxd4
23.Nd5 Nxd5 24.Bxd5 Rd8 25.Bb3 Nf3+ 26.Kf1 Nxe1 27.Qxg6+ Kf8 28.Qh6+ Kg8
29.Kxe1 d3 30.e3 d2+ 31.Kd1 Rd6 32.Qf4 Qc7 33.Qc4 Qd7 34.h4 b5 35.Qe4 Qc7
36.Bc2 Kf8 37.h5 Re6 38.Qf5 Re5 39.Qf4 Qd6 40.h6 Re6 41.h7 Kg7 42.Qg4+ Rg6
43.Bxg6 fxg6 44.Qd4+ Qxd4 45.exd4 Kxh7 46.Kxd2  1-0

[Event "Goodricke Open"]
[Site "Calcutta IND"]
[Date "2000.02.14"]
[Round "9"]
[White "Koneru,H"]
[Black "Vaidya,A"]
[Result "1-0"]
[WhiteElo "2244"]
[BlackElo "2261"]

1.Nf3 Nf6 2.g3 b6 3.Bg2 Bb7 4.O-O c5 5.c4 g6 6.d4 cxd4 7.Qxd4 Bg7 8.Nc3 O-O
9.Qh4 d6 10.Bh6 Nbd7 11.Rfd1 Re8 12.Bxg7 Kxg7 13.b3 a6 14.Qf4 Qc7 15.Rac1 Rad8
16.e4 Qb8 17.Qe3 Ba8 18.Nd4 e5 19.Nc2 b5 20.cxb5 axb5 21.Nb4 Nc5 22.Qe2 Qb6
23.Qxb5 Qxb5 24.Nxb5 Ncxe4 25.Nc7 Rf8 26.Nxa8 Rxa8 27.Rc4 Rac8 28.Rxe4 Nxe4
29.Bxe4 f5 30.Bd5 Rc5 31.a4 e4 32.Bc4 Rd8 33.Rd5 Kf6 34.a5 Rd7 35.a6  1-0

[Event "16th open"]
[Site "Cappelle La Grande FRA"]
[Date "2000.02.19"]
[Round "1"]
[White "Belezky,S"]
[Black "Zagrebelny,S"]
[Result "0-1"]
[WhiteElo "2432"]
[BlackElo "2534"]

1.Nf3 Nf6 2.g3 b6 3.Bg2 Bb7 4.O-O c5 5.c4 g6 6.Nc3 Bg7 7.d4 cxd4 8.Qxd4 d6
9.Nd5 Nbd7 10.Rd1 Rc8 11.Rb1 O-O 12.Qh4 Re8 13.b3 Nxd5 14.cxd5 Rc2 15.Ng5 Nf6
16.Qa4 a6 17.b4 Rxe2 18.Be3 Qc8 19.Rbc1 Qf5 20.Bh3 b5 21.Qa3 Ng4 22.Rc2 Rxe3
23.Bxg4 Qxg4 24.Qc1 Rc3 25.Rxc3 Bxc3 26.h3 Qxb4 27.Rd3 Bf6 28.Nf3 Rc8 29.Qe3 Rc3
30.Qe1 Qc4  0-1

[Event "Masters KO"]
[Site "Cannes FRA"]
[Date "2000.02.21"]
[Round "3.2"]
[White "Giffard,N"]
[Black "Kogan,A"]
[Result "0-1"]
[WhiteElo "2364"]
[BlackElo "2483"]

1.Nf3 c5 2.c4 Nf6 3.g3 b6 4.Bg2 Bb7 5.O-O g6 6.Nc3 Bg7 7.Re1 O-O 8.e4 Nc6
9.d3 Ne8 10.Be3 Nd4 11.Bxd4 cxd4 12.Nb5 e5 13.b4 a6 14.Na3 Nc7 15.Nd2 a5
16.bxa5 Rxa5 17.Nc2 Ne6 18.Nb3 Ra7 19.Nb4 Qc7 20.Qd2 Nc5 21.Reb1 Na4 22.Nc1 Nc3
23.Rb3 f5 24.f3 Qc5 25.Kh1 fxe4 26.fxe4 Rf7 27.h4 Qf8 28.Kg1 Bh6 29.Qe1 Be3+
30.Kh2 Rf2 31.Nd5 Bxd5 32.cxd5 Qf3 33.Qh1 Bxc1 34.Rxc1 Ne2  0-1

[Event "Israeli League"]
[Site "Ramat Aviv ISR"]
[Date "2000.03.10"]
[Round "5"]
[White "Kreizberg,M"]
[Black "Kogan,A"]
[Result "1-0"]
[WhiteElo "2239"]
[BlackElo "2483"]

1.Nf3 c5 2.c4 Nf6 3.g3 b6 4.Bg2 Bb7 5.O-O g6 6.Nc3 Bg7 7.d4 cxd4 8.Qxd4 Nc6
9.Qf4 Rc8 10.Rd1 Na5 11.b3 O-O 12.Bb2 Rc5 13.Rac1 Qa8 14.Qd2 Re8 15.Ne1 Rh5
16.Nd5 Bh6 17.e3 Bxd5 18.cxd5 Qb8 19.Qd4 e5 20.dxe6 Rxe6 21.Nd3 Nc6 22.Qc3 d5
23.Nf4 Bxf4 24.exf4 Qd8 25.Qd2 Qd7 26.Bxf6 Rxf6 27.Bxd5 Qh3 28.Rxc6 Qxh2+
29.Kf1  1-0

[Event "Amber Rapidplay"]
[Site "Monaco MNC"]
[Date "2000.03.16"]
[Round "1"]
[White "Van Wely,L"]
[Black "Karpov,An"]
[Result "1/2-1/2"]
[WhiteElo "2646"]
[BlackElo "2696"]

1.Nf3 Nf6 2.c4 b6 3.g3 c5 4.Bg2 Bb7 5.O-O g6 6.d4 cxd4 7.Qxd4 Bg7 8.Nc3 d6
9.Rd1 Nbd7 10.Nd5 Rc8 11.Rb1 h6 12.b3 O-O 13.Bb2 Re8 14.e4 e6 15.Nxf6+ Nxf6
16.Nd2 Qc7 17.Nf1 Red8 18.Ne3 h5 19.h3 Bc6 20.Re1 Qb7 21.Nc2 e5 22.Qe3 b5
23.cxb5 Bxb5 24.Na3 Ba6 25.Rbc1 Kh7 26.Rxc8 Rxc8 27.Qd2 Qb6 28.Bf1 Bh6 29.Qd1 Bxf1
30.Kxf1 h4 31.Qf3 Kg7 32.g4 Bf4 33.Qd3 Rd8 34.Nc4 Qc7 35.Rd1 d5 36.exd5 Rxd5
37.Qf3 Rxd1+ 38.Qxd1 Qc6 39.Kg1 Nd7 40.Qd3 Kf6 41.Nd6 Ke6 42.Nc4 Qd5 43.Qe2 Nc5
44.f3 Qd3 45.Kf1 Qb1+ 46.Qe1 Qxe1+ 47.Kxe1 Kd5 48.Ke2 Ne6 49.Kf1 e4 50.fxe4+ Kxe4
51.Bf6 Bg3 52.Nd2+ Ke3 53.Nc4+ Kf3 54.Nd2+ Ke3 55.Nc4+ Ke4 56.Nd2+  1/2-1/2

[Event "Extraliga CZE"]
[Site "Ostrava CZE"]
[Date "2000.03.18"]
[Round "10"]
[White "Lechtynsky,J"]
[Black "Pribyl,J"]
[Result "1/2-1/2"]
[WhiteElo "2365"]
[BlackElo "2384"]

1.Nf3 Nf6 2.c4 c5 3.g3 b6 4.Bg2 Bb7 5.O-O g6 6.b3 Bg7 7.Bb2 O-O 8.Nc3 Na6
9.d4 cxd4 10.Nxd4 Bxg2 11.Kxg2 Nc5 12.f3 a6 13.e4 Qb8 14.Re1 Rd8 15.e5 Ne8
16.b4 Ne6 17.Nd5 Bf8 18.f4 Qb7  1/2-1/2

[Event "Amber Rapidplay"]
[Site "Monaco MNC"]
[Date "2000.03.21"]
[Round "5"]
[White "Ljubojevic,L"]
[Black "Karpov,An"]
[Result "0-1"]
[WhiteElo "2559"]
[BlackElo "2696"]

1.Nf3 Nf6 2.c4 b6 3.g3 c5 4.Bg2 Bb7 5.O-O g6 6.Nc3 Bg7 7.Re1 Nc6 8.e4 O-O
9.d3 d6 10.h3 Nd7 11.Be3 Rc8 12.Qd2 e6 13.Bg5 Qc7 14.Rad1 a6 15.Bh6 Nd4 16.Nh2 Qd8
17.Bxg7 Kxg7 18.Ne2 b5 19.Ng4 Ne5 20.Qh6+ Kh8 21.Nxd4 cxd4 22.Nxe5 dxe5 23.cxb5 axb5
24.Rc1 Qe7 25.a3 Kg8 26.Qd2 Ra8 27.Rc2 Rfc8 28.Rec1 Rxc2 29.Rxc2 Rc8 30.Rxc8+ Bxc8
31.Qa5 Qd7 32.Qb6 Bb7 33.h4 h5 34.Qc5 f6 35.Bf3 Kf7 36.Kf1 Qc6 37.Qxc6 Bxc6
38.Ke2 Ke7 39.Kd2 Kd6 40.Kc2 Kc5 41.Kb3 Be8 42.Bd1 g5 43.Ka2 b4 44.Kb3 bxa3
45.bxa3 g4 46.Kb2 Bb5 47.Bc2 f5 48.Kc1 fxe4 49.dxe4 Kc4 50.Kd2 Bc6 51.Ke2 Kc3
52.Bd3 Ba4 53.Ba6 Bc2 54.f3 d3+ 55.Ke3 gxf3 56.Kxf3 d2 57.Ke3 d1=Q  0-1

[Event "55th ch-YUG"]
[Site "Subotica YUG"]
[Date "2000.03.23"]
[Round "7"]
[White "Drasko,M"]
[Black "Pavlovic,Mi"]
[Result "1/2-1/2"]
[WhiteElo "2520"]
[BlackElo "2481"]

1.Nf3 Nf6 2.g3 b6 3.Bg2 Bb7 4.O-O c5 5.c4 g6 6.d4 cxd4 7.Qxd4 Bg7 8.Nc3 Nc6
9.Qf4 Rc8 10.Rb1 O-O 11.Rd1 Qe8 12.Ne1 Nd8 13.Bxb7 Nxb7 14.b3 Nc5 15.Bb2 d6
16.Nc2 Nh5 17.Qh4 f5 18.Nd5 Rf7 19.Bxg7 Rxg7 20.Nd4 Qf7 21.Rbc1 Kh8 22.Nb5 Ne4
23.Nxa7 Ra8 24.Nc6 g5 25.Qh3 Nf4 26.Nxf4 gxf4 27.Nd4 fxg3 28.hxg3 f4 29.Qf5 fxg3
30.f3 Nf6 31.Ne6 Rg6 32.Nf4 Rgg8 33.Nd5 Rxa2 34.Nxf6 Qxf6 35.Qxf6+ exf6 36.Rxd6 Rxe2
37.Rcd1 h5 38.Rxf6 Kh7 39.Rdd6 Re1+ 40.Kg2 Re2+ 41.Kg1 Re1+ 42.Kg2 Re2+ 43.Kg1  1/2-1/2

[Event "ch-LTU"]
[Site "Vilnius LTU"]
[Date "2000.03.27"]
[Round "3"]
[White "Bandza,A"]
[Black "Gavrikov,Vi"]
[Result "1/2-1/2"]
[WhiteElo "2391"]
[BlackElo "2563"]

1.Nf3 Nf6 2.c4 b6 3.g3 c5 4.Bg2 Bb7 5.O-O g6 6.b3 Bg7 7.Bb2 O-O 8.Nc3 e6
9.d4 Qe7 10.d5 exd5 11.Nxd5 Nxd5 12.Bxg7 Kxg7 13.cxd5 d6 14.Re1 Nd7 15.e4 Rfe8
16.Bf1 Rad8 17.a4  1/2-1/2